| 000 | 00945nam a22002777a 4500 | ||
|---|---|---|---|
| 999 |
_c29485 _d29456 |
||
| 003 | EG-ScBUE | ||
| 005 | 20210923144811.0 | ||
| 008 | 210923s2011 ua f 000 j ara d | ||
| 017 | _a2011/2833 | ||
| 020 | _a9789770275047 | ||
| 040 |
_aEG-ScBUE _bara _erda _cEG-ScBUE _dEG-ScBUE |
||
| 082 | 0 | 4 |
_a892.737 _bح م د _222 |
| 100 | 1 |
_aالحمدان، شهد سليمان، _eمؤلف. |
|
| 245 | 1 | 0 |
_aفتيات الوقت الضائع / _cشهد سليمان الحمدان. |
| 250 | _aالطبعة الأولى. | ||
| 264 | 1 |
_aالقاهرة : _bدار المعارف، _c2011. |
|
| 300 |
_a167 صفحة : _c19 سم |
||
| 336 |
_2rdacontent _aنص _btxt |
||
| 337 |
_2rdamedia _aبدون وسيط _bn |
||
| 338 |
_2rdacarrier _aمجلد _bnc |
||
| 541 | _cDonation. | ||
| 650 | 7 |
_aالقصص القصيرة العربية. _2BUEsh |
|
| 653 | 7 |
_aBUEsh _bARALIT _cSeptember2021 |
|
| 655 | 7 |
_2BUEsh _vReading book _934232 |
|
| 942 | _2ddc | ||